000 00443nam a2200157 i 4500
001 bg
100 1 _aKARPIŃSKI, Lesław
245 0 _aElektryczne układy impulsowe wielkich mocy /
_cLesław Karpiński.
260 _aPoznań :
_bWydaw. PP,
_c1991.
490 1 _aRozprawy =
_aPolitechnika Poznańska ;
_vnr 248
830 0 _aRozprawy ;
_vnr 248
040 _cBPK
041 _apol
942 _cKS
008 s pl f |000 0 pol
999 _c29442
_d29442
856 _uhttp://koha.tu.koszalin.pl/cgi-bin/koha/opac-detail.pl?biblionumber=29442
_yKatalog online BPK